Dua Lipa - Paroles Love Again - Statistiques

Statistiques générales
  • Ce quiz a été pris 87 fois
  • Le résultat moyen est 301 sur 423
Statistiques - réponses
Hint Réponse % Correct
a
100%
again
98%
Again
98%
(Again
98%
again)
98%
Couplet 1 | Refrain I
98%
love
98%
me
96%
you
96%
Chorus You
96%
got
94%
in
94%
be
89%
oh)
87%
so
87%
Couplet 2 So
87%
never
81%
Never
81%
that
81%
anymore
79%
out
77%
thought
77%
to
77%
But
74%
goddamn,
74%
goddamn
74%
(goddamn),
74%
Goddamn,
74%
my
74%
find
72%
hear
72%
believe
70%
believe,
70%
can't
70%
loud
70%
not
70%
way
70%
like
68%
Pré-chorus Show
66%
the
66%
beat
64%
would
64%
crazy
62%
heart
62%
baby
60%
I'm
60%
Touch
60%
chest
57%
knew
57%
used
57%
Used
57%
ever
55%
somebody
55%
stone
55%
afraid
53%
of
53%
on
53%
right
53%
have
51%
know
51%
something
51%
here,
49%
it
49%
left
49%
many
49%
do
47%
nights
47%
nights,
47%
someone
47%
met
45%
own
45%
think
45%
was
45%
and
43%
(And
43%
dance
43%
I'd
43%
finally
40%
found
40%
made
40%
had
38%
spend
38%
there's
38%
tears
36%
might
34%
than
34%
what
34%
heaven's
32%
you're
32%
before
30%
I'll
30%
one
28%
grave
23%
harder
23%
rain
23%
rather
23%
storm
23%
want
23%
'Cause
21%
'cause
21%
fell
21%
broken
19%
die
19%
sink
19%
Bridge (La
17%
la
17%
la,
17%
la)
17%
Scared
17%
take
17%
teeth
17%
live
15%
disbelief
13%
Aucun quiz correspondant
Distribution des résultats
% des personnes avec chaque résultat
Percentile par nombre de réponses
Votre historique - résultats
Vous n’avez pas pris ce quiz